Programované skriptá pre praktickú výučbu lekárskej chémie a biochémie 1. časť

Bibliographic Details
Main Authors: Mézešová, Viera, 1935- (Author), Drgová, Anna, 1946- (Author), Kaplán, Peter, 1956- (Author), Lehotský, Ján, 1954- (Author), Saloň, Florián (Author)
Format: Book
Language:Slovak
PhysicalDescription:210 s. 29 cm
Published: Bratislava Univerzita Komenského 1987
Edition:1. vyd.
Series:Vysokoškolské skriptá
Subjects:

MARC

LEADER 00000cam a2200000 a 4500
001 vtls001085657
003 SK-MaSNL
005 20260301190927.0
008 240513s1987 xo frp 00000 slo
015 |a SNBA1987/10 
035 |a SNK000028496 
040 |a SNK  |b slo  |c SNK  |e AACR2 
041 0 |a slo 
044 |a xo  |c SK 
080 |a 61:541(075.8)(076.5)  |2 1981 
080 |a 541(075.8)(076.5)  |2 1981 
080 |a 577.1(075.8)(076.5)  |2 1981 
100 1 |a Mézešová, Viera,  |d 1935-  |4 aut  |9 257498 
245 1 0 |a Programované skriptá pre praktickú výučbu lekárskej chémie a biochémie  |n 1. časť  |c Viera Mézešová ; Anna Drgová, Peter Kaplan, Ján Lehotský, Florián Saloň 
250 |a 1. vyd. 
260 |a Bratislava  |b Univerzita Komenského  |c 1987  |e Bratislava  |f Polygrafické stredisko UK 
300 |a 210 s.  |c 29 cm 
366 |e 535 výtl. 
490 1 |a Vysokoškolské skriptá 
650 0 7 |a lekárska chémia  |2 SNKPH  |9 852 
650 0 7 |a biochémia  |2 SNKPH  |9 696 
655 7 |a učebnice vysokých škôl  |2 SNKPH  |9 70191 
655 7 |a Textbooks (higher)  |2 SNKPHeng  |9 276436 
700 1 |a Drgová, Anna,  |d 1946-  |4 aut  |9 39734 
700 1 |a Kaplán, Peter,  |d 1956-  |4 aut  |9 194576 
700 1 |a Lehotský, Ján,  |d 1954-  |4 aut  |9 196537 
700 1 |a Saloň, Florián  |4 aut  |9 566844 
830 0 |a Vysokoškolské skriptá  |9 276440 
852 |a Slovenská národná knižnica 
954 |a odborná, vedecká literatúra pôvodná (slovenská)  |2 lita 
958 |a OND 
999 |c 869261  |d 871191 
952 |a SNK  |b SNK  |y PREZ  |7 0  |p 17A0843758  |o snkSB 42212/1   |0 0  |1 0  |4 0  |d 2012-05-18  |f 1  |l 0  |r 2025-05-09 00:00:00  |w 2026-02-24 
952 |t P60, <04>, [BOOK], {604}  |a SNK  |b SNK  |y VYP  |7 0  |p 17A0155757  |o snkSB 42212/1 D1  |0 0  |1 0  |4 0  |d 1998-08-24  |l 0  |r 2004-12-31 00:00:00  |w 2026-02-24